000 00395nam a22001697a 4500
003 MPLRDC
005 20220104125656.0
008 210129b ||||| |||| 00| 0 eng d
082 _a857.4572 WBY
100 _a王伯阳
245 _a苦海
_c
250 _a一版一刷
260 _a
_b人民文学出版社
_c1986
300 _b
650 _a历史小说
942 _cBK
_o857.4572 WBY
999 _c29246
_d29236